Concepción Bona (1824-1901) : (Registro nro. 7172)

Detalles MARC
000 -LIDER
fixed length control field 01109nam a2200265 a 4500
001 - NÚMERO DE CONTROL
Identificador de número de control
003 - IDENTIFICACDOR DE NÚMERO DE CONTROL
control field 000016106
005 - DATE AND TIME OF LATEST TRANSACTION
control field 20211102121105.0
008 - ELEMENTOS DE LONGITUD FIJA
fixed length control field 100225s1987 dr c 000 0 spa d
040 ## - FUENTE DE CATALOGACIÓN
Agencia que crea de manera original el registro BPMSU
Idioma de catalogación spa
Agencia que realiza la transcripción BPMSU
082 ## - NÚMERO DE CLASIFICACIÓN DECIMAL DE DEWEY
Classification number 928
Item number C744b 1987
Edition number 22
092 ## - LOCALLY ASSIGNED DEWEY DECIMAL CALL NUMBER
Número de ítem (Cutter)
245 00 - MENCIÓN DE TITULO
Título Concepción Bona (1824-1901) :
Subtítulo Homenaje a la heroína nacional con motivo del traslado de sus restos al Panteón Nacional
260 ## - PUBLICACIÓN, DISTRIBUCIÓN, ETC. (PIE DE IMPRENTA)
Lugar de publicación, distribución, etc Santo Domingo :
Nombre del editor, distribuidor, etc. Intergrafic,
Fecha de publicación, distribución, etc 1987.
300 ## - DESCRIPCIÓN FÍSICA
Extensión 24 p. :
Otros detalles físicos retr. ;
Dimensiones 21 cm.
500 ## - NOTA GENERAL
Nota general Incluye notas al pie de páginas
500 ## - NOTA GENERAL
Nota general Homenaje a la heroína nacional con motivo del traslado de sus restos al Panteón Nacional
505 0# - NOTA DE CONTENIDO
Texto normalizado de contenido Introducción -- Corta biografía -- Carta de la biznieta de Concepción Bona al presidente Balaguer-- Decreto disponible traslado restos Concepción Bona al Panteón Nacional.
600 14 - ENCABEZAMIENTO DE MATERIA--NOMBRE PERSONAL
Nombre personal Bona y Fernández, María de la Concepción
Fechas asociadas con el nombre 1824-1901
650 #4 - ENCABEZAMIENTO DE MATERIA--TEMÁTICO
Término temático o nombre geográfico como elemento de entrada Mujeres dominicanas
Subdivisión temática general Biografías
910 ## - VALIDACIÓN
Validación VMateo V.
942 ## - ADDED ENTRY ELEMENTS (KOHA)
Source of classification or shelving scheme Dewey Decimal Classification
Koha item type Libros
945 ## - INFORMACIÓN DE PROCESAMIENTO LOCAL
Información de procesamiento local inventariado, 2018 / dg
956 ## - LOCAL ELECTRONIC LOCATION AND ACCESS (OCLC)
Nombre de host VMATEO
Número de acceso 10
Información de compresión 20150914
Inicio de sesión BPMSU
Procesador de solicitud 0069
Existencias
Withdrawn status Lost status Source of classification or shelving scheme Damaged status Not for loan Collection code Home library Current library Date acquired Source of acquisition Total Checkouts Full call number Barcode Date last seen Price effective from Koha item type Copy number
    Dewey Decimal Classification     Colección Dominicana Biblioteca Pública Metropolitana Salomé Ureña Biblioteca Pública Metropolitana Salomé Ureña 07/16/2014 Chiqui Vicioso   BPMSU CD 928 C744b 1987 BPMSU15040596 07/16/2014 07/16/2014 Libros  
    Dewey Decimal Classification       Biblioteca Pública Metropolitana Salomé Ureña Biblioteca Pública Metropolitana Salomé Ureña 07/16/2014 Chiqui Vicioso   BPMSU CD 928 C744b 1987 BPMSU15040597 07/16/2014 07/16/2014 Libros e.2
    Dewey Decimal Classification     Colección Dominicana Biblioteca Pública Metropolitana Salomé Ureña Biblioteca Pública Metropolitana Salomé Ureña 07/16/2014 Chiqui Vicioso   BPMSU CD 928 C744b 1987 BPMSU25060084 06/20/2025 07/16/2014 Libros e.3